Normal view
MARC view
- Physics --Philosophy
Entry Topical Term
001 - CONTROL NUMBER
- control field: 113196
003 - CONTROL NUMBER IDENTIFIER
- control field: NUST
005 - DATE AND TIME OF LATEST TRANSACTION
- control field: 20230621091350.0
008 - FIXED-LENGTH DATA ELEMENTS
- fixed length control field: 230621|| aca||aabn | a|a d
040 ## - CATALOGING SOURCE
- Original cataloging agency: NUST
- Transcribing agency: NUST
150 ## - HEADING--TOPICAL TERM
- Topical term or geographic name entry element: Physics --Philosophy
670 ## - SOURCE DATA FOUND
- Source citation: Work cat.: (NUST)179691: Jeans, James Hopwood 40003, The new background of science /, 1934
